000 00844nam a22002537a 4500
003 UA-OsUOA
001 67276
007 ta
008 20100217b un ||||| |||| 00| 0 ukr d
090 _a330
_bФ77
942 _cMG
040 _aUA-OsUOA
_brus
_cUA-OsUOA
_dUA-OsUOA
245 _aФондовый рынок
_bУчредитель: ООО "ДКС Ценнтр" совместно с Украинской Академией Наук
_cГлав.ред. Дидук Б.Б.
300 _a40 с.
955 _a1
041 _arus
080 _a330
260 _aК.
246 3 1 _aЕженедельный информационно-аналитичемкий журнал
_n
044 _aUA
250 _nАнализ Прогнозы Комментари
962 _a2002
650 7 _a330 Економіка взагалі
_2UDC
999 _c353285
_d353285